000 00757nam a2200253 a 4500
001 BRCA_7256
005 20190320205754.0
008 260112c1947----nyu#######---#000-0#eng-#
041 _aeng
044 _anyu
050 4 _aE744
_b.B2
100 1 _aBaldwin, Hanson Weightman
_d1903-1991
_917970
245 1 0 _aThe price of power
_cHanson W. Baldwin.
260 _aNueva York
_bHarper & Brother
_cc1947
300 _axii, 361 p.
_c21 cm.
500 _aIncluye apendice e índice alfabético
500 _aP15
504 _aBibliografía: p. 329-333
650 1 4 _aPolítica mundial
_y1945-1955
_917971
651 4 _aEstados Unidos
_xRelaciones exteriores
_y1945-1953
_917972
651 4 _aEstados Unidos
_xdefensa
_917973
902 _aGFM
942 _2lcc
_cB
999 _c6937
_d6937